banner-ar

معجم مصطلحات الحرب النفسية عربى انكليزى - انكليزى عربى / (Record no. 48251)

MARC details
000 -الفاتح
حقل البيانات ثابتة الطول 00471nam a2200145Ia 4500
008 - عناصر البيانات ثابتة الطول - معلومات عامة
حقل البيانات ثابتة الطول 140319s9999 xx 000 0 ara d
040 ## - مصدر الفهرسة
وكالة الفهرسة الأصلية GCL /
وكالة النسخ GCL
082 04 - رقم تصنيف ديوى العشرى
رقم التصنيف م
رقم المادة 327.143
-- ا م
100 1# - المدخل الرئيسى - إسم شخصى
الإسم الشخصى ابراهيم ابوعرقوب
245 10 - بيان العنوان
العنوان معجم مصطلحات الحرب النفسية عربى انكليزى - انكليزى عربى /
بيان المسئوليه,etc ابراهيم ابوعرقوب
700 1# - المدخل الاضافى - اسم شخصى
الإسم الشخصى سليمان الطعانى
300 ## - الوصف المادى
التعداد 129 ص
490 ## - بيان السلسلة
عنوان السلسلة
Holdings
حالة التراجع حالة الفقد حالة تلف ليس للاعارة المكان المؤقت الموقع الحالى تاريخ الاكتساب اجمالي اﻻعارات رقم الطلب الباركود تاريخ اخر مشاهدة تاريخ تفعيل السعر نوع وعاء كوها
        مكتبة القاهرة الكبرى مكتبة القاهرة الكبرى 03/26/2014   م\327.143\ا م 116487 03/26/2014 03/26/2014 كتاب
        مكتبة القاهرة الكبرى مكتبة القاهرة الكبرى 03/26/2014   م\327.143\ا م 116488 03/26/2014 03/26/2014 كتاب

Powered By

EGPV